Europa mit P - Statistiken

Allgemein
  • Dieses Quiz wurde 185 mal gespielt
  • Das Durchschnittsergebnis liegt bei 25 aus 40
Antwortstatistiken
Hint Antwort % Korrekt
Fluss in Italien oder Hinterteil Po
100%
Stadt mit schiefem Turm Pisa
99%
Portugal
95%
Landeshauptstadt von Brandenburg Potsdam
93%
Länder Polen
92%
Hauptstadt der spanischen Insel Mallorca Palma de Mallorca
90%
Küstenstadt in Portugal, bekannt für ihren Wein Porto
86%
Gebirge zwischen Frankreich und Spanien Pyrenäen
86%
deutsche Automarke, hätten viele gern Porsche
83%
italienisches Modeunternehmen, manchmal trägt es der Teufel Prada
83%
Hauptstädte Paris
82%
Prag
82%
bekannte deutsche Sportmarke Puma
82%
Hauptstadt der Insel Sizilien Palermo
77%
eine der größten Kirchen der Welt in der Vatikanstadt Petersdom
76%
die wohl bekannteste deutsche Waschmittelmarke Persil
74%
französische Automarke Peugeot
74%
berühmter spanischer Maler, eines seiner bekanntesten Werke ist "Guernica" Pablo Picasso
70%
Park mit Vergnügungspark in Wien Prater
68%
Pristina
68%
antike Stadt nahe Neapel, die vom Vesuv verschüttet wurde Pompeji
64%
italienischer Reifenhersteller mit Sitz in Mailand Pirelli
61%
Podgorica
61%
Ostseeinsel in der Wismarer Bucht Poel
54%
deutscher Fußballspieler, dritterfolgreichster Torschütze der DFB-Geschichte Lukas Podolski
52%
spanische Stadt, in der man von Stieren gejagt wird oder umgekehrt Pamplona
52%
venezianischer Reisender (gest. 1324), der überwiegend Asien bereist hat und darüber schrieb Marco Polo
50%
antikes Bauwerk in Rom, zu Ehren der Götter errichtet mit selbst tragenderKuppel Pantheon
49%
römisches Stadttor und Wahrzeichen der Stadt Trier Porta Nigra
45%
niederländischer Technikkonzern Philips
44%
französischer Chemiker und Mikrobiologe, erfand ein Verfahren zur Haltbarmachung von Lebensmitteln Louis Pasteur
40%
deutscher Physiker, begründete die Quantentheorie Max Planck
40%
Italienischer Tenor (gest. 2007), Mitglied der "Drei Tenöre" Luciano Pavarotti
35%
Tempel auf der Athener Akropolis, erbaut zu Ehren der Göttin Athene Parthenon
34%
drittgrößte nordfriesische Insel mit lustigem Namen (meiner Meinung nach) Pellworm
32%
Halbinsel im Süden des griechischen Festlandes Peloponnes
29%
schwedischer Ministerpräsident, 1986 in Stockholm erschossen Olof Palme
24%
bekanntes Museum auf der Museumsinsel Berlin mit gleichnamigem berühmten AltarZ. Zt. geschlossen wegen umfassender Sanierung Pergamonmuseum
21%
deutsche Schauspielerin, geb. 1974, Lola rennt Franka Potente
20%
dänischer Schmuckhersteller Pandora
18%
Keine übereinstimmenden Quizze gefunden
Verteilung der Resultate
Anzahl Personen mit jedem Resultat
Perzentil nach korrekt beantworteten Fragen
Ihre Resultats-Entwicklung
Sie haben dieses Quiz noch nicht gespielt